Quick Pick: After D-Day Quiz Stats

 Plays Quiz Updated Aug 6, 2019

Score 0/10 Timer 01:30
0 Plays Today
% Correct
Liberation of Paris
84.6%
Battle of Iwo Jima
82.6%
Battle of Berlin
78.7%
Battle of the Bulge
68.9%
Battle of the Philippine Sea
65.5%
Operation Valkyrie
64.8%
Operation Market Garden
62.9%
Battle of Hürtgen Forest
56.5%
Siege of Budapest
50.8%
Battle of Leyte Gulf
49%

Today's Daily Dose

You're not logged in!

Compare scores with friends on all Sporcle quizzes.
OR
Log In

Sporcle TV

Today on Sporcle TV


Watch our educational content, quiz creation guides, and fun videos on Sporcle TV.

Show Comments

Extras

Top Quizzes Today


Score Distribution

Your Account Isn't Verified!

In order to create a playlist on Sporcle, you need to verify the email address you used during registration. Go to your Sporcle Settings to finish the process.

Report this User

Report this user for behavior that violates our Community Guidelines.

Details: